000 00692nam a2200229Ia 4500
003 OSt
005 20220927104559.0
006 a|||||r|||| 00| 0
007 ta
008 220926b |||||||| |||| 00| 0 eng d
024 _a151491
037 _cReference Collections
040 _aRTL
_cRTL
_beng
041 _2eng
_aeng
082 _a"Y11p1,N78, L8/UN"
110 _a"UN, International Economic and Social Affairs (D/O-)"
_9366549
245 0 _aAdoption and faster placement of children
260 _c1978
700 _a"UN, International Economic and Social Affairs (D/O-)"
_9366550
942 _h"Y11p1,N78, L8/UN"
_cCC
999 _c688102
_d688102